000 00594nam a2200181Ia 4500
999 _c18606
_d18606
082 _aRL.0029
100 _aLalitha, N.
245 0 _aProduct patents and pharmaceutical industry
260 _c2001
_bIndian Council of Social Science Research, New Delhi
300 _a92p.
504 _aReferences at the end.
650 _aDRUG INDUSTRY//PHARMACEUTICAL INDUSTRY
650 _aDRUG TRADE//PHARMACEUTICAL INDUSTRY
650 _aDRUGS - PATENTS - GUJARAT
650 _aPHARMACEUTICAL INDUSTRY - GUJARAT
710 _aGujarat Institute of Development Research, Ahmedabad
942 _cRP
_2ddc